000 00379nam a2200145Ia 4500
008 220217s9999||||xx |||||||||||||| ||und||
020 _a9789351343479
082 _a621.8 RAT
100 _aRattan, S.S
245 0 _aTheory of machines
250 _a4
260 _aMc graw hill international edition
_bNew Delhi
_c2016
300 _aXIX, 796p.
_b650
650 _aMachanics
999 _c188016
_d188016